000 00670nam a2200193 a 4500
001 BRCA_879
005 20190320203205.0
008 300805s1981----sp-a---###---#000-0#spa-#
020 _a8430054596
050 4 _aNK7162
_b.S46 1981
100 1 _aSentenach, Narciso
_d1856-1925
_92929
245 1 0 _aBosquejo histórico sobre la orfebrería española
_cNarciso Sentenach.
260 _aMadrid
_bGremio de Joyeros y Plateros
_c1981
300 _a146 p.
_bil. láminas
_c22 cm.
500 _aFacsímil de : Madrid: Imp. de la Revista de Archivos, Bibliotecas y Museos, 1909
650 1 4 _aOrfebrería
_zEspaña
_92930
650 1 4 _aTrabajos en plata
_zEspaña
_9167
942 _2lcc
_cB
999 _c774
_d774